LIBRARY & INFORMATION CENTRE, KCAET, TAVANUR

ONLINE PUBLIC ACCESS CATALOGUE (OPAC)

Food Processing Technologies, Co- Product Utilization and Quality Assurance (Record no. 14026)

MARC details
000 -LEADER
fixed length control field 00408nam a22001457a 4500
020 ## - INTERNATIONAL STANDARD BOOK NUMBER
ISBN 9789381226162
082 ## - DEWEY DECIMAL CLASSIFICATION NUMBER
Classification number 664.8
Item number MRI/FO
245 ## - TITLE STATEMENT
Title Food Processing Technologies, Co- Product Utilization and Quality Assurance
260 ## - PUBLICATION, DISTRIBUTION, ETC. (IMPRINT)
Place of publication Delhi
Name of publisher Satish serial publishing house
Year of publication 2012
300 ## - PHYSICAL DESCRIPTION
Number of Pages 631
700 ## - ADDED ENTRY--PERSONAL NAME
Personal name Mridula, D
700 ## - ADDED ENTRY--PERSONAL NAME
Personal name Patil, R.T
700 ## - ADDED ENTRY--PERSONAL NAME
Personal name Manikantan, M.R
942 ## - ADDED ENTRY ELEMENTS (KOHA)
Koha item type Reference
Holdings
Withdrawn status Lost status Damaged status Collection code Home library Current library Shelving location Date acquired Source of acquisition Cost, normal purchase price Full call number Accession Number Koha item type
      Reference KAUAET KAUAET Reference1 30/03/2013 Universal Research Books, Thrissur 2450.00 664.8 MRI/FO 23935 Reference
free website counter